Estadísticas para Prueba de los Países de África

Haz click aquí para tomar la prueba!

Estadísticas generales

  • Esta prueba ha sido tomada 35.312 veces
  • La puntuación promedio es 44 de 54

Respuestas en el mapa

Las respuestas están codificadas por una escala verde-roja en el mapa de la prueba según el % correcto abajo.
Cargando...
 

Estadísticas de respuestas

País% Correcto
Egipto
97%
Sudáfrica
96%
Marruecos
96%
Madagascar
96%
Congo
(Rep Dem)
95%
Argelia
94%
Congo (Rep)
94%
Níger
92%
Sudán
90%
Libia
89%
Nigeria
89%
Etiopía
88%
Guinea
88%
Somalia
88%
Angola
87%
Túnez
87%
Chad
86%
Kenia
85%
Sudán del Sur
84%
Malí
84%
Mauritania
82%
Senegal
82%
Ghana
82%
República
Centroafricana
82%
Guinea
Ecuatorial
82%
Camerún
82%
Mozambique
82%
Costa de Marfil
81%
Tanzania
81%
Zambia
80%
Uganda
79%
Zimbabue
79%
Cabo Verde
79%
Eritrea
78%
Botsuana
77%
Namibia
77%
Lesoto
76%
Ruanda
76%
Togo
76%
Liberia
75%
Guinea-Bissau
75%
Mauricio
73%
Sierra Leona
73%
Burkina Faso
71%
Suazilandia
71%
Gabón
71%
Gambia
71%
Burundi
69%
Seychelles
68%
Benín
68%
Malaui
68%
Yibuti
64%
Comoras
62%
Santo Tomé y
Príncipe
60%

Distribución de puntuación

Porcentaje por número respondido

Porcentaje de gente con cada puntuación

Historial de tus puntuaciones

No has tomado esta prueba